En Torno a la justicia : (Registro nro. 105495)

Detalles MARC
000 -LEADER
fixed length control field 00701cam a2200193 4500
008 - FIXED-LENGTH DATA ELEMENTS--GENERAL INFORMATION
fixed length control field 030127s1999 sp 000 0 spa u
020 ## - INTERNATIONAL STANDARD BOOK NUMBER
International Standard Book Number 8492126124
050 ## - LIBRARY OF CONGRESS CALL NUMBER
Classification number JC578
Item number E67 1999
245 ## - TITLE STATEMENT
Title En Torno a la justicia :
Remainder of title las aportaciones de Aristóteles, el pensamiento español del XVI, J.S. Mill, la fenomenología y Rawls /
Statement of responsibility, etc Maria Xosé Agra Romero...[et al.].
260 ## - PUBLICATION, DISTRIBUTION, ETC. (IMPRINT)
Place of publication, distribution, etc La Coruña, España :
Name of publisher, distributor, etc Eris,
Date of publication, distribution, etc 1999.
300 ## - PHYSICAL DESCRIPTION
Extent 318 p. ;
Dimensions 22 cm.
500 ## - GENERAL NOTE
General note Rec. Prop. Esc.
504 ## - BIBLIOGRAPHY, ETC. NOTE
Bibliography, etc Incluye bibligrafías e índice
650 1# - SUBJECT ADDED ENTRY--TOPICAL TERM
Topical term or geographic name as entry element Justicia - Filosofía
650 2# - SUBJECT ADDED ENTRY--TOPICAL TERM
Topical term or geographic name as entry element Filosofia - Siglo XVI-XX
700 1# - ADDED ENTRY--PERSONAL NAME
Personal name Agra Romero, María Xosé, coaut.
942 ## - ADDED ENTRY ELEMENTS (KOHA)
Source of classification or shelving scheme Biblioteca del Cogreso de los Estados Unidos
Koha item type
Existencias
Estado de pérdida Fuente de clasificación Estado del daño No para préstamo Ubicación permanente Ubicación actual Apartado o colección Fecha de adquisición Edición Área del conocimiento Clasificación Código de Barras Date last seen Número de copia Tipo de recurso
  Biblioteca del Cogreso de los Estados Unidos     Biblioteca de la Facultad de Filosofía Biblioteca de la Facultad de Filosofía General 03/05/2016 1a. ed. Educación y Humanidades JC578 E7 1999 BFF000016515 03/05/2016 C:1 Libro